000
00273nam a22001217a 4500
008
170524b xxu||||| |||| 00| 0 eng d
041
_a
eng
080
_a
62
100
_a
16
101
_a
IM
245
_a
ELECTRICAL ENGINERING CIRECUITS
_c
SKILLING.H.H
942
_2
udc
_c
BK
999
_c
14013
_d
14013